University Home | Library Home | Institutional Repository

Criminology : (Record no. 122430)

MARC details
000 -LEADER
fixed length control field 00557cam a2200157 4500
008 - FIXED-LENGTH DATA ELEMENTS--GENERAL INFORMATION
fixed length control field 141015n 000 0 eng u
020 ## - INTERNATIONAL STANDARD BOOK NUMBER
International Standard Book Number 0870841114
035 ## - SYSTEM CONTROL NUMBER
System control number (Sirsi) a185598
050 ## - LIBRARY OF CONGRESS CALL NUMBER
Classification number HV 6025 BRO 1991
100 ## - MAIN ENTRY--PERSONAL NAME
Personal name Brown, Stephen E.
245 ## - TITLE STATEMENT
Title Criminology :
Remainder of title explaining crime and its context/
Statement of responsibility, etc. Stephen E. Brown, Finn-Aage Esbensen and Gilbert Geis
260 ## - PUBLICATION, DISTRIBUTION, ETC.
Place of publication, distribution, etc. Cincinnati, Ohio :
Name of publisher, distributor, etc. Anderson Publishing Company,
Date of publication, distribution, etc. 1991.
300 ## - PHYSICAL DESCRIPTION
Extent vii, 727p. :
Other physical details ill.
504 ## - BIBLIOGRAPHY, ETC. NOTE
Bibliography, etc. note Includes bibliographical references and index
650 ## - SUBJECT ADDED ENTRY--TOPICAL TERM
Topical term or geographic name entry element Criminology

No items available.

© 2026 - The University of Zambia Library - Koha v25.11